Tìm hiểu thủ tục tố tụng dân sự và việc áp dụng tại tòa án nhân dân các cấp : Soạn theo văn bản mới nhất
Сохранить в:
| Главный автор: | |
|---|---|
| Формат: | |
| Язык: | Undetermined |
| Опубликовано: |
Thành phố Hồ Chí Minh
Nxb. Thành phố Hồ Chí Minh
1999
|
| Предметы: | |
| Метки: |
Добавить метку
Нет меток, Требуется 1-ая метка записи!
|
| Thư viện lưu trữ: | Trung tâm Học liệu Trường Đại học Cần Thơ |
|---|
| LEADER | 00697nam a2200193Ia 4500 | ||
|---|---|---|---|
| 001 | CTU_46894 | ||
| 008 | 210402s9999 xx 000 0 und d | ||
| 082 | |a 347.597012 | ||
| 082 | |b T309/1999 | ||
| 100 | |a Hoàng, Trung Tiếu | ||
| 245 | 0 | |a Tìm hiểu thủ tục tố tụng dân sự và việc áp dụng tại tòa án nhân dân các cấp : | |
| 245 | 0 | |b Soạn theo văn bản mới nhất | |
| 245 | 0 | |c Hoàng Trung Tiếu | |
| 260 | |a Thành phố Hồ Chí Minh | ||
| 260 | |b Nxb. Thành phố Hồ Chí Minh | ||
| 260 | |c 1999 | ||
| 650 | |a Civil procedure | ||
| 650 | |x Vietnam | ||
| 980 | |a Trung tâm Học liệu Trường Đại học Cần Thơ | ||